Lana Del Rey - Body Electric Lyrics - Statistics

General Stats
  • This quiz has been taken 138 times
    135 since last reset
  • The average score is 241 of 295
Answer Stats
Answer % Correct
I
98%
(I
98%
the
98%
body
96%
electric
96%
my
95%
My
95%
sing
93%
is
92%
baby
90%
in
90%
mother
90%
We
90%
we
90%
Elvis
89%
go
89%
moonlight
88%
pale
88%
daddy
87%
don't
87%
"Don't
87%
friend
87%
night
87%
Friday
86%
get
86%
bestest
84%
every
84%
got
84%
Jesus
84%
'Cause
82%
and
81%
And
81%
need
81%
down
80%
it")
80%
I'm
78%
other
78%
each
77%
nobody
77%
Mary
76%
Dancing
75%
feeling
75%
on
75%
Marilyn's
72%
you
72%
alright
71%
at
69%
like
69%
for
66%
mind
66%
broken
65%
fire
65%
least
65%
pretend
65%
all
64%
Or
64%
father
61%
grinding
60%
Grand
59%
We're
59%
worry
59%
about
58%
not
58%
said
58%
still
58%
you're
57%
young
54%
'bout
53%
rosary
53%
say
53%
smell
53%
fun
52%
having
52%
are
51%
Diamonds
51%
her
51%
to
49%
photographs
48%
prays
48%
hurt
47%
end
46%
Suicide's
46%
clothes
45%
world
43%
Ole
42%
Heaven
39%
Opry
36%
hearts
35%
Opulence
34%
Monaco's
30%
delight
29%
softly
25%
swaying
23%
Whitman
23%
No matching quizzes found
Score Distribution
Percent of People with Each Score
Percentile by Number Answered
Your Score History
You have not taken this quiz since the last reset